Politics and public policy in Kenya and Tanzania / (Record no. 1691)

MARC details
000 -LEADER
fixed length control field 01044cam a2200337 i 4500
001 - CONTROL NUMBER
control field 3682831
003 - CONTROL NUMBER IDENTIFIER
control field OSt
005 - DATE AND TIME OF LATEST TRANSACTION
control field 20230620120638.0
008 - FIXED-LENGTH DATA ELEMENTS--GENERAL INFORMATION
fixed length control field 781019s1979 nyua b 001 0 eng
010 ## - LIBRARY OF CONGRESS CONTROL NUMBER
LC control number 78019470
020 ## - INTERNATIONAL STANDARD BOOK NUMBER
International Standard Book Number 0030232066
020 ## - INTERNATIONAL STANDARD BOOK NUMBER
International Standard Book Number 0030523362 (pbk.)
040 ## - CATALOGING SOURCE
Original cataloging agency DLC
Transcribing agency DLC
Modifying agency DLC
043 ## - GEOGRAPHIC AREA CODE
Geographic area code f-ke---
-- f-tz---
082 00 - DEWEY DECIMAL CLASSIFICATION NUMBER
Classification number 320.96
Item number BAR
245 00 - TITLE STATEMENT
Title Politics and public policy in Kenya and Tanzania /
Statement of responsibility, etc. edited by Joel D. Barkan, with John J. Okumu.
260 ## - PUBLICATION, DISTRIBUTION, ETC. (IMPRINT)
Place of publication, distribution, etc. New York :
Name of publisher, distributor, etc. Praeger,
Date of publication, distribution, etc. 1979.
300 ## - PHYSICAL DESCRIPTION
Extent xiii, 297 p. :
Other physical details ill. ;
Dimensions 24 cm.
500 ## - GENERAL NOTE
General note Includes index.
504 ## - BIBLIOGRAPHY, ETC. NOTE
Bibliography, etc Bibliography: p. 267-289.
650 #0 - SUBJECT ADDED ENTRY--TOPICAL TERM
Topical term or geographic name as entry element Rural development
Geographic subdivision Kenya.
650 #0 - SUBJECT ADDED ENTRY--TOPICAL TERM
Topical term or geographic name as entry element Rural development
Geographic subdivision Tanzania.
651 #0 - SUBJECT ADDED ENTRY--GEOGRAPHIC NAME
Geographic name Kenya
General subdivision Politics and government.
651 #0 - SUBJECT ADDED ENTRY--GEOGRAPHIC NAME
Geographic name Tanzania
General subdivision Politics and government
Chronological subdivision 1964-
651 #0 - SUBJECT ADDED ENTRY--GEOGRAPHIC NAME
Geographic name Kenya
General subdivision Social policy.
651 #0 - SUBJECT ADDED ENTRY--GEOGRAPHIC NAME
Geographic name Tanzania
General subdivision Social policy.
700 1# - ADDED ENTRY--PERSONAL NAME
Personal name Barkan, Joel D.
700 1# - ADDED ENTRY--PERSONAL NAME
Personal name Okumu, John.
906 ## - LOCAL DATA ELEMENT F, LDF (RLIN)
a 7
b cbc
c orignew
d 1
e ocip
f 19
g y-gencatlg
942 ## - ADDED ENTRY ELEMENTS (KOHA)
Source of classification or shelving scheme Dewey Decimal Classification
Koha item type Books
Holdings
Withdrawn status Lost status Source of classification or shelving scheme Damaged status Not for loan Home library Current library Date acquired Total Checkouts Full call number Barcode Date last seen Price effective from Koha item type
    Dewey Decimal Classification     County Hall Archives County Hall Archives 06/20/2023   320.96 BAR 10000130 06/20/2023 06/20/2023 Books
    Dewey Decimal Classification     County Hall Archives County Hall Archives 06/20/2023   320.96 BAR 10000131 06/20/2023 06/20/2023 Books
LIBRARY OPENING HOURS

When the Parliament is sitting: 8.00a.m - 7.00p.m or until the house adjourns
Mondays and Fridays and when the House is on Recess:  8.00a.m - 5.00p.m
Closed on Weekends and Public Holidays

Online Public Access Catalog (OPAC)
Website: http://www.parliament.go.ke
Bunge Library: https://libraryir.parliament.go.ke
Contact: library@parliament.go.ke | Tel no: (254-2)2221291 or 2848000 Ext 5043